Normal view
MARC view
- REDDIHOUGH, J. A,KNIGHT, DAVID
Entry Personal Name
001 - CONTROL NUMBER
- control field: 78628
003 - CONTROL NUMBER IDENTIFIER
- control field: NUST
005 - DATE AND TIME OF LATEST TRANSACTION
- control field: 20210628210229.0
008 - FIXED-LENGTH DATA ELEMENTS
- fixed length control field: 210628|| aca||aabn | a|a d
040 ## - CATALOGING SOURCE
- Original cataloging agency: NUST
- Transcribing agency: NUST
100 ## - HEADING--PERSONAL NAME
- Personal name: REDDIHOUGH, J. A,KNIGHT, DAVID
670 ## - SOURCE DATA FOUND
- Source citation: Work cat.: (NUST): REDDIHOUGH, J. A,KNIGHT, DAVID, QUESTION AND ANSWERS ON COLOUR TELEVISION, 1975
